Peacekeeping and the international system / (Record no. 8325)
[ view plain ]
| 000 -LEADER | |
|---|---|
| fixed length control field | 01935nac a22003131u 4500 |
| 010 ## - LIBRARY OF CONGRESS CONTROL NUMBER | |
| LC control number | 2005031177 |
| 020 ## - INTERNATIONAL STANDARD BOOK NUMBER | |
| International Standard Book Number | 0415353548 (pbk.) |
| 020 ## - INTERNATIONAL STANDARD BOOK NUMBER | |
| International Standard Book Number | 041535353X (hardback) |
| 020 ## - INTERNATIONAL STANDARD BOOK NUMBER | |
| International Standard Book Number | 0415353548 : |
| 035 ## - SYSTEM CONTROL NUMBER | |
| System control number | (DLC)2005031177 |
| 035 ## - SYSTEM CONTROL NUMBER | |
| System control number | (DLC)518 |
| 082 00 - DEWEY DECIMAL CLASSIFICATION NUMBER | |
| Classification number | 341.584 |
| Item number | MAC |
| 090 ## - LOCALLY ASSIGNED LC-TYPE CALL NUMBER (OCLC); LOCAL CALL NUMBER (OCLC) | |
| -- | 8325 |
| -- | 8325 |
| 100 ## - MAIN ENTRY--PERSONAL NAME | |
| Personal name | MacQueen, Norrie, |
| 245 10 - TITLE STATEMENT | |
| Title | Peacekeeping and the international system / |
| Statement of responsibility, etc | Norrie MacQueen. |
| 260 ## - PUBLICATION, DISTRIBUTION, ETC. (IMPRINT) | |
| Place of publication, distribution, etc | Milton Park, Abingdon, Oxon ; |
| -- | New York : |
| Name of publisher, distributor, etc | Routledge,2006. |
| Date of publication, distribution, etc | 2006. |
| 300 ## - PHYSICAL DESCRIPTION | |
| Extent | xiv, 286 p. |
| Dimensions | 23 cm. |
| 500 ## - GENERAL NOTE | |
| General note | Distributer: Al-Ahram |
| 504 ## - BIBLIOGRAPHY, ETC. NOTE | |
| Bibliography, etc | Includes bibliographical references and index |
| 505 0# - FORMATTED CONTENTS NOTE | |
| Formatted contents note | The dimensions of international peacekeeping -- Peacekeeping before the UN : the inter-war years -- Collective security revived : the formation of the United Nations -- Peacekeeping resumed : from Palestine and Kashmir to Suez -- Peacekeeping as immunization : regional crises in the Cold War -- Peacekeeping and detente: the Middle East in the 1970s -- New horizons : peacekeeping and the end of the Cold War -- The break-up of Yugoslavia and the Soviet Union : peacekeeping and the end of the multinational state -- Africa I : decolonization and contested legitimacy -- Africa II : peacekeeping in stateless terrain -- Peacekeeping and the international system in the twenty-first century : looking back to look forward. |
| 511 ## - PARTICIPANT OR PERFORMER NOTE | |
| Participant or performer note | Catalogued by: Sara |
| 610 20 - SUBJECT ADDED ENTRY--CORPORATE NAME | |
| Corporate name or jurisdiction name as entry element | United Nations |
| General subdivision | Peacekeeping forces |
| -- | History. |
| 650 #0 - SUBJECT ADDED ENTRY--TOPICAL TERM | |
| Topical term or geographic name as entry element | Peacekeeping forces |
| General subdivision | History. |
| 650 #0 - SUBJECT ADDED ENTRY--TOPICAL TERM | |
| Topical term or geographic name as entry element | International organization |
| General subdivision | History. |
| 856 41 - ELECTRONIC LOCATION AND ACCESS | |
| Materials specified | Table of contents only |
| Uniform Resource Identifier | <a href="http://www.loc.gov/catdir/toc/ecip062/2005031177.html">http://www.loc.gov/catdir/toc/ecip062/2005031177.html</a> |
| 856 41 - ELECTRONIC LOCATION AND ACCESS | |
| Materials specified | Publisher description |
| Uniform Resource Identifier | <a href="http://www.loc.gov/catdir/enhancements/fy0654/2005031177-d.html">http://www.loc.gov/catdir/enhancements/fy0654/2005031177-d.html</a> |
| 942 ## - ADDED ENTRY ELEMENTS (KOHA) | |
| Item type | Book - Borrowing |
| Call number prefix | 341.584MAC |
| Withdrawn status | Item status | Damaged status | Not for loan | Home library | Current library | Shelving location | Date acquired | Source of acquisition | Total Checkouts | Total Renewals | Full call number | Barcode | Date last seen | Date last borrowed | Koha item type |
|---|---|---|---|---|---|---|---|---|---|---|---|---|---|---|---|
| Central Library | Central Library | First floor | 03/03/2008 | Purchase | 12 | 24 | 341.584MAC | 000010123 | 28/03/2026 | 24/03/2026 | Book - Borrowing |